00355pab a2200133 454500008004000000100001600040245004900056260000900105300001500114362000800129650003000137650002200167773003200189180718b2003 xxu||||| |||| 00| 0 eng d aRao, B.S.R. aIndian financial system: emerging challenges c2003 ap.189-205. aJul aFinancial markets - India aFinancial markets aIndian Journal of Economics